All rise (Record no. 69901)
[ view plain ]
| 000 -LEADER | |
|---|---|
| fixed length control field | 01078cam a2200253 4500 |
| 001 - CONTROL NUMBER | |
| control field | ABS65230 |
| 008 - FIXED-LENGTH DATA ELEMENTS--GENERAL INFORMATION | |
| fixed length control field | 020403n2002 000 0 eng u |
| 035 ## - SYSTEM CONTROL NUMBER | |
| System control number | (Sirsi) u117332 |
| 100 ## - MAIN ENTRY--PERSONAL NAME | |
| Personal name | Hamson, L. |
| 245 ## - TITLE STATEMENT | |
| Title | All rise |
| 260 ## - PUBLICATION, DISTRIBUTION, ETC. | |
| Date of publication, distribution, etc. | 2002 |
| 490 ## - SERIES STATEMENT | |
| Series statement | Property Week |
| Volume/sequential designation | 67(10) 15 March 2002, 32-34(3) |
| 520 ## - SUMMARY, ETC. | |
| Summary, etc. | Three new reports from the British Council of Offices (BCO) investigate the economic case for tall buildings. One of the reports "Tall buildings in London: giving occupiers a voice" - the first research to ask occupiers what they want - argues that London must have skyscrapers if it is to maintain its position as a world-class capital city. The CO reports reveal that occupiers believe the best options are tall towers.The BCO is considering whether to lobby goverment to issue advice on towers. |
| 590 ## - LOCAL NOTE (RLIN) | |
| Local note | ABS |
| 650 ## - SUBJECT ADDED ENTRY--TOPICAL TERM | |
| Topical term or geographic name entry element | OCCUPIERS |
| 650 ## - SUBJECT ADDED ENTRY--TOPICAL TERM | |
| Topical term or geographic name entry element | BCO |
| 650 ## - SUBJECT ADDED ENTRY--TOPICAL TERM | |
| Topical term or geographic name entry element | TALL BUILDINGS |
| 650 ## - SUBJECT ADDED ENTRY--TOPICAL TERM | |
| Topical term or geographic name entry element | LONDON |
| 650 ## - SUBJECT ADDED ENTRY--TOPICAL TERM | |
| Topical term or geographic name entry element | SKYSCRAPERS |
| 650 ## - SUBJECT ADDED ENTRY--TOPICAL TERM | |
| Topical term or geographic name entry element | OCCUPANCY COSTS |
| 650 ## - SUBJECT ADDED ENTRY--TOPICAL TERM | |
| Topical term or geographic name entry element | RESEARCH |
| 690 ## - LOCAL SUBJECT ADDED ENTRY--TOPICAL TERM (OCLC, RLIN) | |
| Topical term or geographic name as entry element | PROPERTY-COMMERCIAL PROPERTY |
| 942 ## - ADDED ENTRY ELEMENTS (KOHA) | |
| Suppress in OPAC | 0 |
| Withdrawn status | Lost status | Source of classification or shelving scheme | Damaged status | Not for loan | Home library | Current library | Shelving location | Date acquired | Total Checkouts | Full call number | Barcode | Date last seen | Copy number | Price effective from | Koha item type |
|---|---|---|---|---|---|---|---|---|---|---|---|---|---|---|---|
| Dewey Decimal Classification | London | London | Journal article | 03/04/2002 | ABS65230 | 117332-1001 | 06/08/2019 | 1 | 06/08/2019 | Journal article |